| 000 | 00668nam a2200205 i 4500 | ||
|---|---|---|---|
| 001 | 46491 | ||
| 003 | ES-MaACL | ||
| 005 | 20251003063057.0 | ||
| 007 | t| | ||
| 008 | 030331s1973 sp ||||1| spa d | ||
| 100 | 1 |
_aCongar, Yves, _d1904-1995 _940170 |
|
| 245 | 1 | 0 |
_aMinisterios y comunión eclesial / _cYves Congar ; [traducción por José María Bernáldez y Romero]. |
| 260 |
_aMadrid : _bFax, _c[1973] |
||
| 300 |
_a258 p. ; _c19 cm. |
||
| 650 | 7 |
_aMinisterio eclesial _2embne _9143973 |
|
| 650 | 4 |
_aIglesia- _xUnidad. _9155158 |
|
| 700 | 1 |
_aBernáldez y Romero, José María. _928212 |
|
| 852 |
_aES-MaACL _jC-53474 _bR.86413 |
||
| 999 |
_c46491 _d46491 |
||